书目信息 |
| 题名: |
画法几何及工程制图
|
|
| 作者: | 杨欣欣 主编 | |
| 分册: | ||
| 出版信息: | 哈尔滨 哈尔滨工程大学出版社 2000.07 |
|
| 页数: | 332页 | |
| 开本: | 26cm | |
| 丛书名: | ||
| 单 册: | ||
| 中图分类: | O185.2 | |
| 科图分类: | ||
| 主题词: | 几何 , 拓扑 | |
| 电子资源: | ||
| ISBN: | 7-81073-053-3 | |
| 000 | 00587nam0 2200205 45 | |
| 001 | 0435756320 | |
| 005 | 2004051009555616 | |
| 010 | @a7-81073-053-3@dCNY 25.00 | |
| 100 | @a20040510d2000 km y0chiy0120 ea | |
| 101 | 0 | @achi |
| 102 | @aCN@b230000 | |
| 200 | 1 | @a画法几何及工程制图@AHua Fa Ji He Ji Gong Cheng Zhi Tu@f杨欣欣等主编@FYang Xin Xin Deng Zhu Bian |
| 210 | @a哈尔滨@c哈尔滨工程大学出版社@d2000.07 | |
| 215 | @a332页@d26cm | |
| 606 | 0 | @a几何 |
| 606 | 0 | @a拓扑 |
| 690 | @aO185.2@v4 | |
| 701 | 0 | @a杨欣欣@AYang Xin Xin@4主编 |
| 801 | 0 | @aCN@bPFT@c20040510 |
| 905 | @dO185.2@eY307 | |
| 画法几何及工程制图/杨欣欣等主编.-哈尔滨:哈尔滨工程大学出版社,2000.07 |
| 332页;26cm |
| ISBN 7-81073-053-3:CNY 25.00 |
| ● |
| 相关链接 |
|
|
|
正题名:画法几何及工程制图
索取号:O185.2/Y307
 
预约/预借
| 序号 | 登录号 | 条形码 | 馆藏地/架位号 | 状态 | 备注 |
| 1 | 397578 | 203975788 | 自科库401/401自科库 76排1列1层/ [索取号:O185.2/Y307] | 在馆 | |
| 2 | 397579 | 203975797 | 自科库401/401自科库 76排1列1层/ [索取号:O185.2/Y307] | 在馆 | |
| 3 | 397580 | 203975804 | 自科库401/401自科库 76排1列1层/ [索取号:O185.2/Y307] | 在馆 |